Loading...
| History - European | 0 | 6 | 1 | 1 | 55 | 52 | 76.00 | 1 | 4 | 0.00 | 0.00 |
| Religion | 0 | 5 | 0 | 3 | 50 | 76 | 97.20 | 0 | 2 | 0.00 | 0.00 |
| Mythology | 0 | 3 | 0 | 0 | 30 | 17 | 44.33 | 2 | 3 | 0.00 | 0.00 |
| History - Other | 0 | 3 | 0 | 0 | 30 | 51 | 57.33 | 1 | 2 | 0.00 | 0.00 |
| Fine Arts - Classical Music | 0 | 3 | 1 | 1 | 25 | 12 | 79.67 | 1 | 1 | 0.00 | 0.00 |
| Social Science | 0 | 3 | 1 | 1 | 25 | 25 | 63.00 | 1 | 2 | 0.00 | 0.00 |
| History - World | 0 | 2 | 0 | 1 | 20 | 33 | 79.00 | 1 | 1 | 0.00 | 0.00 |
| Science - Chemistry | 0 | 2 | 0 | 0 | 20 | 51 | 58.50 | 1 | 2 | 0.00 | 0.00 |
| Fine Arts - Visual | 0 | 2 | 1 | 1 | 15 | 100 | 103.00 | 0 | 1 | 0.00 | 0.00 |
| History - American | 0 | 2 | 1 | 0 | 15 | 91 | 102.00 | 0 | 1 | 0.00 | 0.00 |
| Fine Arts - Other | 0 | 1 | 0 | 0 | 10 | 119 | 119.00 | 0 | 0 | 0.00 | 0.00 |
| Literature - American | 0 | 1 | 0 | 0 | 10 | 131 | 131.00 | 0 | 0 | 0.00 | 0.00 |
| Literature - British | 0 | 1 | 0 | 1 | 10 | 119 | 119.00 | 0 | 0 | 0.00 | 0.00 |
| Geography/Current Events | 0 | 1 | 0 | 0 | 10 | 69 | 69.00 | 0 | 0 | 0.00 | 0.00 |
| Science - Physics | 0 | 1 | 0 | 0 | 10 | 61 | 61.00 | 1 | 1 | 0.00 | 0.00 |
| Science - Other | 0 | 1 | 1 | 0 | 5 | 60 | 60.00 | 0 | 1 | 0.00 | 0.00 |
| Science - Biology | 0 | 1 | 2 | 0 | 0 | 65 | 65.00 | 0 | 1 | 0.00 | 0.00 |